00385nam a2200121Ia 4500008004100000082001500041100003600056245003100092260004200123300001000165630001800175650007000193211109s9999||||xx |||||||||||||| ||und|| a420bFOW-K aFowler [h W] And Fowler [f G],  0aKing`s English 3rd Edition bOxford University PressaBombayc1951 a383p. xGeneral Stack aeenglish language venglish grammarenglish compositionxGeneralia